| 000 | 00778nam a2200265Ia 4500 | ||
|---|---|---|---|
| 003 | OSt | ||
| 005 | 20220918172503.0 | ||
| 006 | a|||||r|||| 00| 0 | ||
| 007 | ta | ||
| 008 | 220917b |||||||| |||| 00| 0 eng d | ||
| 024 | _a1,131 | ||
| 037 | _cTextual | ||
| 040 |
_aARTS _cARTS _beng |
||
| 041 |
_2eng _aeng |
||
| 082 | _aQ7.D, L9 | ||
| 100 |
_aSalahuddin Khuda Bakhsh _941817 |
||
| 245 | 0 | _aRenaissance of Islam tr by from German Adam Mez | |
| 260 |
_aDelhi _bIdarah-I Adabiyat-I Delhi India _c1979 |
||
| 300 |
_av,517p. _ccm. |
||
| 490 | _aIAD Religio-Philosophy (Reprint Series); 16 | ||
| 650 | _aRELIGION | ||
| 700 |
_a Margoliouth D S _941156 |
||
| 942 |
_hQ7.D, L9 _cTEXL _2CC |
||
| 999 |
_c144161 _d144161 |
||